Loading...
| Fine Arts - Classical Music | 0 | 8 | 1 | 1 | 75 | 16 | 65.38 | 4 | 7 | 0.00 | 0.00 |
| Fine Arts - Painting and Sculpture | 0 | 7 | 1 | 0 | 65 | 38 | 58.57 | 6 | 7 | 0.00 | 0.00 |
| History - European | 0 | 6 | 0 | 0 | 60 | 16 | 58.17 | 2 | 4 | 0.00 | 0.00 |
| Fine Arts - Other | 0 | 5 | 1 | 0 | 45 | 32 | 42.20 | 3 | 4 | 0.00 | 0.00 |
| History - Other | 0 | 4 | 1 | 0 | 35 | 50 | 80.75 | 0 | 1 | 0.00 | 0.00 |
| History - World | 0 | 2 | 1 | 1 | 15 | 45 | 88.00 | 0 | 1 | 0.00 | 0.00 |
| Mythology | 0 | 1 | 0 | 0 | 10 | 85 | 85.00 | 1 | 1 | 0.00 | 0.00 |
| Literature - European | 0 | 1 | 0 | 0 | 10 | 53 | 53.00 | 0 | 1 | 0.00 | 0.00 |
| History - American | 0 | 1 | 0 | 0 | 10 | 104 | 104.00 | 0 | 0 | 0.00 | 0.00 |
| Social Science | 0 | 1 | 0 | 0 | 10 | 51 | 51.00 | 1 | 1 | 0.00 | 0.00 |
| Literature - British | 0 | 1 | 1 | 0 | 5 | 68 | 68.00 | 0 | 0 | 0.00 | 0.00 |
| Religion | 0 | 0 | 1 | 0 | -5 | 0.00 | 0 | 0 | 0.00 | 0.00 | |
| Science - Biology | 0 | 0 | 1 | 0 | -5 | 0.00 | 0 | 0 | 0.00 | 0.00 |